APOŠTOLSKÉ PRAVIDLÁ

Podrobná bibliografia
Hlavný autor: Džugan, Michal (Autor)
Médium: Článok
Jazyk:slovenčina

MARC

LEADER 00000nab a2200000uu 4500
001 vtls011141214
003 SK-MaSNL
005 20260303151128.0
008 230222|2000 xo |||||||||||||||||slo|
015 |a SNBRB 
035 |a (urnnbn)urn:nbn:sk:snk:ar-008cb0 
035 |a (uuid)2148b954-f7e6-44c5-ae3a-9c9c7b0cbba0 
035 |a urn:nbn:sk:snk-abasz3 
040 |a SNKBUCL  |b slo  |c SNKBUCL  |e AACR2 
041 0 |a slo 
044 |a xo  |c SK 
100 1 |a Džugan, Michal  |4 aut  |9 274328 
245 1 0 |a APOŠTOLSKÉ PRAVIDLÁ  |c Michal Džugan 
773 0 |t Pravoslávny teologický zborník  |g Č. 23 (2000), s. 235-264 
954 |a odborná, vedecká literatúra pôvodná (slovenská)  |2 lita 
958 |a OND 
958 |a EUIPO 
958 |a article14 
999 |c 2016165  |d 2018095